000 00322nam a22001457a 4500
008 221122b ||||| |||| 00| 0 eng d
020 _a9781455745913
041 _aeng
080 _2FOURTH EDITION
_a616
082 _a616GOO
100 _a14.2
101 _aPATH
245 _aPATHOLOGY
_cGOODMAN C.C
942 _2udc
_cBK
999 _c59002
_d59002